Normal view
MARC view
- ابو الهول، محيي الدين يعقوب؛ تقديم رفقت السيد العوضي
Entry Personal Name
001 - CONTROL NUMBER
- control field: 44961
003 - CONTROL NUMBER IDENTIFIER
- control field: JO-AjAnu
005 - DATE AND TIME OF LATEST TRANSACTION
- control field: 20230606081436.0
008 - FIXED-LENGTH DATA ELEMENTS
- fixed length control field: 230606|| aca||aabn | a|a d
040 ## - CATALOGING SOURCE
- Original cataloging agency: JO-AjAnu
- Transcribing agency: JO-AjAnu
100 ## - HEADING--PERSONAL NAME
- Personal name: ابو الهول، محيي الدين يعقوب؛ تقديم رفقت السيد العوضي
670 ## - SOURCE DATA FOUND
- Source citation: Work cat.: (JO-AjAnu)23022: ابو الهول، محيي الدين يعقوب؛ تقديم رفقت السيد العوضي, author, الحل الاسلامي للازمة المالية العالمية